The wisdom of sang Kancil

Bibliographic Details
Other Authors: Soh.E.L
Format: Book
Published: Kuala Lumpur : Pustaka Buana , 2006
Series:Stories from the land of dulukala
Subjects:

MARC

LEADER 00000cam a2200000 7i4500
001 0000003795
005 20220105103951.0
008 160815
020 |a 9833449174 
090 0 0 |a JP   |b ENG (5068) 
245 1 4 |a The wisdom of sang Kancil   |c Adapted and retold by E.L.Soh 
260 |a Kuala Lumpur :   |b Pustaka Buana ,   |c 2006 
440 |a Stories from the land of dulukala 
500 |a Children age 4-6 years old (yellow) 
650 0 |a Junior fiction 
700 0 |a Soh.E.L 
999 |a 0000972170   |b Book   |c Children Collection   |e Perbadanan Perpustakaan Awam Johor 
999 |a 0000972171   |b Book   |c Children Collection   |e Perbadanan Perpustakaan Awam Johor 
999 |a 0000972172   |b Book   |c Children Collection   |e Perbadanan Perpustakaan Awam Johor 
999 |a 0000974669   |b Book   |c Children Collection   |e Cawangan Taman Universiti 
999 |a 0000974670   |b Book   |c Children Collection   |e Cawangan Taman Universiti 
999 |a 0000974672   |b Book   |c Children Collection   |e Perbadanan Perpustakaan Awam Johor 
999 |a 0000974673   |b Book   |c Children Collection   |e Perbadanan Perpustakaan Awam Johor